[Event "MPL-1 Indian Chess Tour 2022"]
[Site "Online"]
[Date "2022.03.27"]
[Round "4.7"]
[White "Adhiban, B.."]
[Black "Mendonca, Leon Luke"]
[Result "0-1"]
[WhiteElo "2648"]
[BlackElo "2536"]
[Annotator "TA"]
[PlyCount "102"]
[EventDate "2022.03.30"]
[EventType "tourn"]
[EventCountry "NET"]
[SourceTitle "playchess.com"]
[Source "ChessBase"]
[SourceQuality "1"]

{[%evp 9,102,0,20,18,23,24,22,13,14,14,14,15,18,15,24,23,29,32,19,15,28,22,29,21,29,22,29,30,37,35,37,42,36,21,35,27,35,43,39,0,56,49,50,21,29,29,20,22,60,0,0,0,0,0,0,0,0,0,0,0,0,-11,0,0,0,-9,-11,-22,-29,-34,-26,-61,-61,-127,-127,-399,-430,-446,-392,-433,-229,-2382,-1146,-29972,-29972,-29966,-7120,-29980,-29981,-29981,-29982,-29982,-29983,-29983,-29984]} 1. e4 c5 2. Nf3 d6 3. Bb5+ Bd7 4. c4 Nf6 5. Nc3 g6 6. Bxd7+ {B52: Sicilian: Moscow Variation with 3...Bd7.} Qxd7 7. d4 cxd4 8. Qxd4 {The position is equal.} Nc6 9. Qd3 Bg7 10. O-O O-O 11. h3 Rac8 12. Be3 Qd8 13. b3 {[#]} Nd7 $146 ({Predecessor:} 13... a6 14. Rac1 Qa5 15. a4 Nd7 16. Nd5 e6 17. Bd2 Qd8 18. Nc3 Nc5 19. Qc2 Qb6 {0-1 (70) Kosteniuk,A (2552)-Narva,M (2211) Monte Carlo 2017}) 14. Rac1 Re8 15. Rfd1 Qa5 16. Nd4 a6 17. Nxc6 bxc6 18. Na4 Nc5 19. Nxc5 dxc5 20. Qd2 Qb6 21. h4 Rcd8 22. Qe2 Rxd1+ 23. Rxd1 Bd4 24. e5 Rd8 ({Black should try} 24... Bxe5 $11 25. Qd2 Bd4) 25. Bh6 Qc7 26. g3 Qd7 {[%cal Od4f2] ...Bxf2+! is the strong threat.} 27. Kg2 Qf5 28. Bg5 Re8 29. Qf3 (29. Re1 $14) 29... Qxe5 $11 30. Qxc6 Rd8 31. Qf3 f6 32. Bh6 Kf7 33. Bf4 Qf5 34. g4 Qe6 35. Rd2 {[%cal Bd1d2,Bd2e2,Be2e3][%mdl 32]} Rc8 36. Be3 Bxe3 37. Re2 {[%mdl 64] [#] Pin} Qc6 $1 38. Rxe3 (38. fxe3 Qxf3+) 38... Qxf3+ 39. Kxf3 {[%mdl 4096] Endgame KR-KR} Rd8 {Prevents Rd3.} 40. Ke2 Rd4 41. f3 ({Better is} 41. Rg3 $15) 41... e5 $1 $17 42. Rd3 $2 {[%mdl 8192] Now White is beyond hope.} (42. h5 $17) 42... Rxd3 $1 $19 43. Kxd3 {KP-KP} f5 44. a3 a5 {[%cal Ba6a5,Ba5a4][%mdl 32] Against b4} 45. Kc3 $2 (45. gxf5 gxf5 46. Ke3) 45... Ke6 (45... fxg4 $142 46. fxg4 e4) 46. b4 {[#]} cxb4+ $1 47. axb4 {[#]} a4 $1 {( -> ...fxg4)} 48. gxf5+ gxf5 {Black mates.} 49. b5 e4 50. fxe4 fxe4 51. b6 Kd6 {Weighted Error Value: White=0.58/Black=0.13 (very precise)} 0-1

[Event "MPL-1 Indian Chess Tour 2022"]
[Site "Online"]
[Date "2022.03.27"]
[Round "4.8"]
[White "Harika, Dronavalli"]
[Black "Ganguly, Surya Shekhar"]
[Result "0-1"]
[WhiteElo "2517"]
[BlackElo "2627"]
[Annotator "ChessBase"]
[PlyCount "98"]
[EventDate "2022.03.30"]
[EventType "tourn"]
[EventCountry "NET"]
[SourceTitle "playchess.com"]
[Source "ChessBase"]
[SourceQuality "1"]
[TimeControl "5400+30"]

1. c4 {[%emt 1:15:40]} Nf6 {[%emt 1:15:40]} 2. Nc3 {[%emt 0:00:25]} e6 {[%emt 0:00:22]} 3. e4 {[%emt 0:00:23]} d5 {[%emt 0:00:21]} 4. e5 {[%emt 0:00:25]} d4 {[%emt 0:00:22]} 5. exf6 {[%emt 0:00:22]} dxc3 {[%emt 0:00:21]} 6. bxc3 {[%emt 0:00:20]} Qxf6 {[%emt 0:00:21]} 7. Nf3 {[%emt 0:00:21]} b6 {[%emt 0:00:29]} 8. g3 {[%emt 0:00:24]} Bb7 {[%emt 0:00:26]} 9. Bg2 {[%emt 0:00:21]} Bd6 {[%emt 0:00:53]} 10. O-O {[%emt 0:00:22]} O-O {[%emt 0:00:30]} 11. d4 {[%emt 0:00:21]} h6 {[%emt 0:00:32]} 12. Rb1 {[%emt 0:00:23]} Be4 {[%emt 0:00:47]} 13. Rb5 {[%emt 0:00:21]} Nd7 {[%emt 0:00:48]} 14. a4 {[%emt 0:05:51]} Rad8 {[%emt 0:00:47]} 15. a5 {[%emt 0:00:52]} c6 {[%emt 0:02:21]} 16. Rb3 {[%emt 0:02:03]} c5 {[%emt 0:00:35]} 17. Qe2 {[%emt 0:02:34]} Bh7 {[%emt 0:01:55]} 18. axb6 {[%emt 0:00:33]} axb6 {[%emt 0:00:35]} 19. Be3 {[%emt 0:00:35]} e5 {[%emt 0:00:35]} 20. Rd1 {[%emt 0:01:20]} Rfe8 {[%emt 0:01:06]} 21. Rb2 {[%emt 0:01:57]} e4 {[%emt 0:02:10]} 22. Nd2 {[%emt 0:00:35]} Qe7 {[%emt 0:00:29]} 23. Ra2 {[%emt 0:01:24]} f5 {[%emt 0:00:35]} 24. Ra7 {[%emt 0:00:21]} g5 {[%emt 0:00:26]} 25. dxc5 {[%emt 0:00:31]} bxc5 {[%emt 0:00:33]} 26. Nb3 {[%emt 0:00:30]} Qe6 {[%emt 0:02:06]} 27. Ra6 {[%emt 0:00:43]} Nb8 {[%emt 0:01:59]} 28. Rb6 {[%emt 0:01:27]} Qe7 {[%emt 0:00:42]} 29. Qh5 {[%emt 0:00:22]} f4 {[%emt 0:01:33]} 30. Rdxd6 {[%emt 0:00:41]} Rxd6 {[%emt 0:00:23]} 31. Rxd6 {[%emt 0:00:21]} fxe3 {[%emt 0:00:21]} 32. fxe3 {[%emt 0:00:28]} Qxd6 {[%emt 0:00:29]} 33. Qxe8+ {[%emt 0:00:22]} Kg7 {[%emt 0:00:21]} 34. Nd2 {[%emt 0:01:44]} Bg6 {[%emt 0:00:38]} 35. Qc8 {[%emt 0:00:50]} Qxd2 {[%emt 0:00:24]} 36. Qxb8 {[%emt 0:00:20]} Qxe3+ {[%emt 0:00:35]} 37. Kf1 {[%emt 0:00:22]} Qd3+ {[%emt 0:00:23]} 38. Ke1 {[%emt 0:00:31]} Qxc3+ {[%emt 0:00:23]} 39. Kf1 {[%emt 0:01:10]} Qxc4+ {[%emt 0:00:24]} 40. Ke1 {[%emt 0:00:21]} Qc3+ {[%emt 0:00:24]} 41. Kf1 {[%emt 0:00:23]} e3 {[%emt 0:01:07]} 42. Qc7+ {[%emt 0:00:27]} Bf7 {[%emt 0:00:21]} 43. Bf3 {[%emt 0:00:29]} Qb2 {[%emt 0:01:31]} 44. Be2 {[%emt 0:00:22]} Qf6+ {[%emt 0:00:23]} 45. Ke1 {[%emt 0:00:24]} Qa1+ {[%emt 0:00:32]} 46. Bd1 {[%emt 0:00:21]} Qc3+ {[%emt 0:00:21]} 47. Kf1 {[%emt 0:00:21]} Qf6+ {[%emt 0:00:28]} 48. Kg2 {[%emt 0:00:21]} Qf2+ {[%emt 0:00:25]} 49. Kh3 {[%emt 0:00:28]} Qf1+ {[%emt 0:00:21]} 0-1

[Event "MPL-1 Indian Chess Tour 2022"]
[Site "Online"]
[Date "2022.03.27"]
[Round "5.1"]
[White "Ganguly, Surya Shekhar"]
[Black "Sethuraman, S.P."]
[Result "1-0"]
[WhiteElo "2627"]
[BlackElo "2619"]
[Annotator "RC"]
[PlyCount "97"]
[EventDate "2022.03.30"]
[EventType "tourn"]
[EventCountry "NET"]
[SourceTitle "playchess.com"]
[Source "ChessBase"]
[SourceQuality "1"]
[TimeControl "5400+30"]

1. Nf3 {[%emt 1:15:40]} d5 {[%emt 1:15:40]} 2. e3 {[%emt 0:00:22]} Nf6 {[%emt 0:00:28]} 3. c4 {[%emt 0:00:25]} c6 {[%emt 0:00:28]} 4. Nc3 {[%emt 0:00:23]} e6 {[%emt 0:00:40]} 5. b3 {[%emt 0:00:24]} Bd6 {[%emt 0:00:39]} 6. Bb2 {[%emt 0:00:22]} e5 {[%emt 0:00:46]} 7. cxd5 {[%emt 0:00:55]} cxd5 {[%emt 0:00:20]} 8. Nb5 {[%emt 0:00:27]} Nc6 {[%emt 0:00:22]} 9. Nxd6+ {[%emt 0:02:14]} Qxd6 {[%emt 0:00:20]} 10. Bb5 {[%emt 0:00:25]} Nd7 {[%emt 0:04:48]} 11. O-O {[%emt 0:00:28]} O-O {[%emt 0:00:44]} 12. Rc1 {[%emt 0:02:35]} a6 {[%emt 0:00:40]} 13. Bxc6 {[%emt 0:01:34]} bxc6 {[%emt 0:00:20]} 14. Qc2 {[%emt 0:00:20]} Bb7 {[%emt 0:02:43]} 15. d4 {[%emt 0:01:47]} e4 {[%emt 0:00:24]} 16. Ne5 {[%emt 0:00:21]} f6 {[%emt 0:00:55]} 17. Ba3 {[%emt 0:00:39]} Qxa3 {[%emt 0:00:26]} 18. Nxd7 {[%emt 0:00:22]} Rf7 {[%emt 0:00:21]} 19. Nc5 {[%emt 0:01:04]} Bc8 {[%emt 0:00:22]} 20. Qc3 {[%emt 0:02:16]} a5 {[%emt 0:00:53]} 21. Rc2 {[%emt 0:00:33]} Qb4 {[%emt 0:01:39]} 22. Rfc1 {[%emt 0:01:17]} Rc7 {[%emt 0:00:43]} 23. a3 {[%emt 0:00:46]} Qb5 {[%emt 0:00:46]} 24. Rb2 {[%emt 0:00:45]} Rb8 {[%emt 0:01:09]} 25. b4 {[%emt 0:01:27]} a4 {[%emt 0:00:28]} 26. Qc2 {[%emt 0:00:47]} Ra8 {[%emt 0:00:32]} 27. Qe2 {[%emt 0:00:21]} Bf5 {[%emt 0:02:25]} 28. Qh5 {[%emt 0:01:22]} Bg6 {[%emt 0:00:22]} 29. Qg4 {[%emt 0:00:24]} Re7 {[%emt 0:00:24]} 30. h4 {[%emt 0:00:25]} Be8 {[%emt 0:00:48]} 31. Qf4 {[%emt 0:00:36]} Rd8 {[%emt 0:00:34]} 32. Rbc2 {[%emt 0:00:30]} Qb8 {[%emt 0:01:42]} 33. Qxb8 {[%emt 0:00:32]} Rxb8 {[%emt 0:00:20]} 34. Rc3 {[%emt 0:00:23]} Ra8 {[%emt 0:00:25]} 35. f3 {[%emt 0:00:41]} f5 {[%emt 0:01:08]} 36. Kf2 {[%emt 0:00:24]} g6 {[%emt 0:00:35]} 37. Kg3 {[%emt 0:00:47]} Kg7 {[%emt 0:00:21]} 38. Kf4 {[%emt 0:00:36]} h6 {[%emt 0:01:13]} 39. fxe4 {[%emt 0:00:44]} fxe4 {[%emt 0:00:33]} 40. g4 {[%emt 0:00:24]} Bd7 {[%emt 0:01:09]} 41. Nxd7 {[%emt 0:00:49]} Rxd7 {[%emt 0:00:23]} 42. Rxc6 {[%emt 0:00:21]} Rf8+ {[%emt 0:01:10]} 43. Ke5 {[%emt 0:00:22]} Rf3 {[%emt 0:00:22]} 44. Rc7 {[%emt 0:00:29]} Rdf7 {[%emt 0:00:25]} 45. R1c3 {[%emt 0:00:57]} Rg3 {[%emt 0:00:37]} 46. b5 {[%emt 0:00:29]} Rxg4 {[%emt 0:00:24]} 47. b6 {[%emt 0:00:27]} Rg1 {[%emt 0:00:31]} 48. Rxf7+ {[%emt 0:00:28]} Kxf7 {[%emt 0:00:27]} 49. Rc7+ {[%emt 0:00:23]} 1-0

[Event "MPL-1 Indian Chess Tour 2022"]
[Site "Online"]
[Date "2022.03.27"]
[Round "5.2"]
[White "Mendonca, Leon Luke"]
[Black "Harika, Dronavalli"]
[Result "1/2-1/2"]
[WhiteElo "2536"]
[BlackElo "2517"]
[Annotator "RC"]
[PlyCount "56"]
[EventDate "2022.03.30"]
[EventType "tourn"]
[EventCountry "NET"]
[SourceTitle "playchess.com"]
[Source "ChessBase"]
[SourceQuality "1"]
[TimeControl "5400+30"]

1. d4 {[%emt 1:15:40]} Nf6 {[%emt 1:15:40]} 2. Nf3 {[%emt 0:00:35]} c5 {[%emt 0:00:25]} 3. d5 {[%emt 0:00:43]} b5 {[%emt 0:00:22]} 4. e4 {[%emt 0:01:46]} Nxe4 {[%emt 0:01:03]} 5. Bd3 {[%emt 0:00:26]} Nd6 {[%emt 0:00:22]} 6. O-O {[%emt 0:00:44]} Bb7 {[%emt 0:01:12]} 7. Re1 {[%emt 0:02:58]} e6 {[%emt 0:01:27]} 8. Bf4 {[%emt 0:01:48]} c4 {[%emt 0:04:54]} 9. Bf1 {[%emt 0:01:43]} Be7 {[%emt 0:00:24]} 10. a4 {[%emt 0:01:51]} a6 {[%emt 0:01:55]} 11. Nc3 {[%emt 0:01:31]} b4 {[%emt 0:01:28]} 12. Na2 {[%emt 0:01:07]} a5 {[%emt 0:01:16]} 13. Bxd6 {[%emt 0:03:02]} Bxd6 {[%emt 0:00:21]} 14. Bxc4 {[%emt 0:00:20]} O-O {[%emt 0:00:23]} 15. Qd4 {[%emt 0:01:19]} Be7 {[%emt 0:03:11]} 16. Rad1 {[%emt 0:01:34]} Bf6 {[%emt 0:00:22]} 17. Qe4 {[%emt 0:01:13]} Bxb2 {[%emt 0:01:06]} 18. h4 {[%emt 0:00:42]} exd5 {[%emt 0:01:36]} 19. Bxd5 {[%emt 0:00:22]} Bxd5 {[%emt 0:00:24]} 20. Rxd5 {[%emt 0:00:23]} Ra6 {[%emt 0:00:50]} 21. Red1 {[%emt 0:00:44]} Re8 {[%emt 0:00:51]} 22. Qd3 {[%emt 0:00:39]} h6 {[%emt 0:00:38]} 23. Nc1 {[%emt 0:00:29]} Bxc1 {[%emt 0:00:46]} 24. Rxc1 {[%emt 0:00:20]} Rae6 {[%emt 0:00:27]} 25. Qf5 {[%emt 0:00:44]} Rf6 {[%emt 0:00:44]} 26. Qd3 {[%emt 0:00:32]} Rfe6 {[%emt 0:00:34]} 27. Qf5 {[%emt 0:00:30]} Nc6 {[%emt 0:00:30]} 28. Qd3 {[%emt 0:00:31]} Nb8 {[%emt 0:00:47]} 1/2-1/2

[Event "MPL-1 Indian Chess Tour 2022"]
[Site "Online"]
[Date "2022.03.27"]
[Round "5.3"]
[White "Narayanan.S.L"]
[Black "Adhiban, B.."]
[Result "1-0"]
[WhiteElo "2658"]
[BlackElo "2648"]
[Annotator "TA"]
[PlyCount "63"]
[EventDate "2022.03.30"]
[EventType "tourn"]
[EventCountry "NET"]
[SourceTitle "playchess.com"]
[Source "ChessBase"]
[SourceQuality "1"]

{[%evp 12,63,29,29,40,39,32,28,50,31,32,33,46,35,33,24,91,99,89,94,104,83,75,72,93,86,117,81,116,137,196,142,156,163,171,170,166,160,226,222,458,434,416,388,356,375,348,353,466,451,537,283,476,439]} 1. d4 d5 2. Nf3 Nf6 3. c4 dxc4 4. e3 Bg4 5. Bxc4 e6 6. h3 Bh5 7. Nc3 c5 {D25: Queen's Gambit Accepted: 4 e3: sidelines and 4...Bg4.} 8. d5 exd5 9. Nxd5 Nxd5 {White has an edge.} 10. Qxd5 Qxd5 11. Bxd5 Nc6 $1 12. Bxc6+ bxc6 {[#]} 13. Bd2 $146 ({Predecessor:} 13. Ne5 f6 14. g4 fxe5 15. gxh5 Rb8 16. b3 c4 17. Rg1 Bb4+ 18. Ke2 Rb7 19. Rg4 cxb3 20. axb3 {½-½ (27) Baenziger,F (2347)-Antal,G (2553) Deutschlandsberg 2019}) 13... O-O-O (13... f6 $11) 14. Ne5 $1 $16 Kb7 15. g4 Bg6 16. Nxg6 hxg6 17. Bc3 f6 18. Ke2 Bd6 19. f4 c4 20. Rad1 c5 (20... Bc7 $16 {might work better.}) 21. Kf3 (21. h4 $1 $18) 21... Kc6 {[#]} 22. h4 $1 {[%cal Bh3h4,Bh4h5][%mdl 32]} Rh7 23. Rh3 Rdh8 {[#]} 24. Rdh1 $1 f5 (24... Kd7 $16 25. h5 gxh5) 25. h5 $18 Kd5 $2 (25... Be7 26. g5 Bf8) 26. Rd1+ Ke6 27. gxf5+ gxf5 28. Rg3 {Hoping for Rg6+.} Bf8 29. Rg6+ Kf7 30. Rd7+ Be7 31. Be5 Rg8 $2 (31... Ke8 32. Rxa7 Rxh5 33. Rxg7 Rh3+ 34. Rg3 R8h7) 32. Ra6 {Weighted Error Value: White=0.19 (very precise) /Black=0.43} 1-0

[Event "MPL-1 Indian Chess Tour 2022"]
[Site "Online"]
[Date "2022.03.27"]
[Round "5.4"]
[White "Karthikeyan, Murali"]
[Black "Erigaisi Arjun"]
[Result "0-1"]
[WhiteElo "2622"]
[BlackElo "2633"]
[Annotator "COMBH"]
[PlyCount "102"]
[EventDate "2022.03.30"]
[EventType "tourn"]
[EventCountry "NET"]
[SourceTitle "playchess.com"]
[Source "ChessBase"]
[SourceQuality "1"]
[TimeControl "5400+30"]

1. e4 {[%emt 1:15:40]} c5 {[%emt 1:15:40]} 2. Nf3 {[%emt 0:00:22]} e6 {[%emt 0:00:22]} 3. Nc3 {[%emt 0:00:23]} Nc6 {[%emt 0:00:21]} 4. Bb5 {[%emt 0:00:25]} Nge7 {[%emt 0:00:31]} 5. d4 {[%emt 0:00:48]} cxd4 {[%emt 0:00:24]} 6. Nxd4 {[%emt 0:00:20]} Nxd4 {[%emt 0:00:27]} 7. Qxd4 {[%emt 0:00:22]} a6 {[%emt 0:00:21]} 8. Be2 {[%emt 0:01:47]} Nc6 {[%emt 0:00:24]} 9. Qd3 {[%emt 0:00:31]} Bc5 {[%emt 0:01:40]} 10. O-O {[%emt 0:01:19]} b5 {[%emt 0:00:50]} 11. a3 {[%emt 0:00:54]} d6 {[%emt 0:00:54]} 12. Be3 {[%emt 0:00:39]} Bb7 {[%emt 0:00:43]} 13. Rad1 {[%emt 0:01:36]} Qc7 {[%emt 0:00:23]} 14. Bf4 {[%emt 0:00:54]} Rd8 {[%emt 0:01:01]} 15. Qg3 {[%emt 0:00:50]} O-O {[%emt 0:00:31]} 16. Rd2 {[%emt 0:00:56]} Nd4 {[%emt 0:01:03]} 17. Bg4 {[%emt 0:03:12]} e5 {[%emt 0:05:04]} 18. Be3 {[%emt 0:00:39]} f5 {[%emt 0:01:06]} 19. exf5 {[%emt 0:00:28]} Nxf5 {[%emt 0:00:20]} 20. Bxf5 {[%emt 0:00:21]} Rxf5 {[%emt 0:00:20]} 21. Bxc5 {[%emt 0:01:06]} Qxc5 {[%emt 0:00:51]} 22. Rfd1 {[%emt 0:01:24]} Rf6 {[%emt 0:03:08]} 23. Qe3 {[%emt 0:03:01]} Qxe3 {[%emt 0:00:29]} 24. fxe3 {[%emt 0:00:20]} Kf7 {[%emt 0:00:20]} 25. a4 {[%emt 0:01:03]} b4 {[%emt 0:00:27]} 26. Nd5 {[%emt 0:00:24]} Bxd5 {[%emt 0:00:21]} 27. Rxd5 {[%emt 0:00:20]} Ke7 {[%emt 0:01:09]} 28. h3 {[%emt 0:02:58]} Rc8 {[%emt 0:00:26]} 29. R1d2 {[%emt 0:00:22]} Rc6 {[%emt 0:00:31]} 30. R5d3 {[%emt 0:00:37]} Rf8 {[%emt 0:00:50]} 31. Rb3 {[%emt 0:00:30]} a5 {[%emt 0:01:05]} 32. c3 {[%emt 0:00:29]} bxc3 {[%emt 0:00:56]} 33. Rb7+ {[%emt 0:00:50]} Ke6 {[%emt 0:00:39]} 34. bxc3 {[%emt 0:00:21]} g6 {[%emt 0:01:06]} 35. Rxh7 {[%emt 0:00:33]} Rxc3 {[%emt 0:00:22]} 36. Rg7 {[%emt 0:00:32]} Rf6 {[%emt 0:00:26]} 37. Ra7 {[%emt 0:00:22]} Rxe3 {[%emt 0:00:35]} 38. Ra6 {[%emt 0:01:02]} Kd7 {[%emt 0:00:45]} 39. Ra7+ {[%emt 0:00:43]} Kc6 {[%emt 0:00:21]} 40. Ra6+ {[%emt 0:00:31]} Kc7 {[%emt 0:00:25]} 41. Rxa5 {[%emt 0:00:26]} e4 {[%emt 0:00:23]} 42. Rc2+ {[%emt 0:00:46]} Kd7 {[%emt 0:00:28]} 43. Ra7+ {[%emt 0:00:27]} Ke6 {[%emt 0:00:22]} 44. a5 {[%emt 0:00:23]} Ra3 {[%emt 0:01:43]} 45. a6 {[%emt 0:00:25]} Ke5 {[%emt 0:00:23]} 46. Ra8 {[%emt 0:00:44]} e3 {[%emt 0:01:05]} 47. a7 {[%emt 0:00:35]} Kd4 {[%emt 0:00:21]} 48. Rc1 {[%emt 0:00:31]} Kd3 {[%emt 0:00:47]} 49. Rd8 {[%emt 0:00:34]} Rxa7 {[%emt 0:00:27]} 50. Rd1+ {[%emt 0:00:22]} Kc2 {[%emt 0:00:27]} 51. Rf1 {[%emt 0:00:32]} e2 {[%emt 0:00:32]} 0-1

[Event "MPL-1 Indian Chess Tour 2022"]
[Site "Online"]
[Date "2022.03.27"]
[Round "5.5"]
[White "Aryan Chopra"]
[Black "Sankalp Gupta"]
[Result "1-0"]
[WhiteElo "2585"]
[BlackElo "2536"]
[Annotator "TA"]
[PlyCount "59"]
[EventDate "2022.03.30"]
[EventType "tourn"]
[EventCountry "NET"]
[SourceTitle "playchess.com"]
[Source "ChessBase"]
[SourceQuality "1"]

{[%evp 13,59,0,0,0,0,0,2,10,0,0,-8,0,-12,-11,-6,-49,-91,-87,-33,-106,-12,-42,0,0,0,0,-7,-6,342,345,442,442,422,428,586,591,779,756,781,697,717,785,794,777,767,762,712,695]} 1. c4 e5 2. Nc3 Nf6 3. Nf3 Nc6 4. e4 Bc5 5. Nxe5 Nxe5 6. d4 Bb4 7. dxe5 Nxe4 $1 8. Qf3 $1 {[%mdl 4] outshines the older 8.Qd4. A28: English Opening: Four Knights Variation.} Nxc3 9. bxc3 Ba5 10. Bf4 {The position is equal.} O-O 11. O-O-O Qe7 {...Qa3+ is the strong threat.} 12. Kb2 {Against Qa3+} Rb8 {[%cal Ob7b5]} 13. Qe3 b5 14. c5 (14. Qxa7 Ba6 15. Qxa6 Qc5) (14. cxb5 $5 {[%cal Re3a7]} Bb7 15. Bg5 $11 (15. Qxa7 Bxg2 16. Qxa5 Bxh1 $11)) 14... b4 $1 ({Much weaker is} 14... Bb7 15. Bd3 $11) 15. c4 b3 ({Better is} 15... Re8 $1 $17) 16. a3 (16. axb3 $15 Bb4 17. Bg5 Qxc5 18. Qxc5 Bxc5 19. f3) 16... f6 ({Black should play} 16... Re8 $17 {White should prevent ...Qe6.} 17. Qd4 Bb7) 17. Bd3 fxe5 18. Bxe5 {[#]} Bb7 $146 {Against Qe4} ({Predecessor:} 18... Re8 19. Bd4 Qxe3 20. Bxe3 Bb7 21. Bf5 d6 22. cxd6 cxd6 23. Rd3 Bb6 24. Bxb6 Re2+ 25. Kxb3 Bxg2 {1-0 (35) Esipenko,A (2682)-Sonis,F (2490) Chess.com INT 2020}) 19. f4 d6 (19... Bxg2 $2 20. Bxh7+ $1 {[%mdl 512]} Kxh7 21. Rhg1 $18) 20. Qh3 h6 {[%mdl 8192] [#] This move loses the game for Black.} (20... g6 $1 $11 {and Black is okay.} 21. cxd6 cxd6 22. Bxg6 Rbd8 23. Rxd6 Rxd6 24. Bxd6 Qg7+ 25. Kxb3 Rf6 26. Bxh7+ Qxh7 27. Qxh7+ Kxh7) 21. cxd6 $1 $18 {Dancing on a razor blade.} Qf7 22. d7 {White is clearly winning.} Bc6 23. Qg4 {[%cal Od3f5] Black must now prevent Bf5!} (23. Qf5 g5 24. h4 Qxf5 $18) 23... Rbd8 {[#]} 24. Bf5 {[%mdl 512] Threatens to win with Be6.} Kh8 (24... Qe7 25. Be6+) 25. Be6 Qe7 26. Qg6 {[%cal Rg6h6]} Rf6 27. Bxf6 Qxf6+ 28. Qxf6 gxf6 29. c5 Kg7 30. h4 {Weighted Error Value: White=0.11 (very precise) /Black=0.56} 1-0

[Event "MPL-1 Indian Chess Tour 2022"]
[Site "Online"]
[Date "2022.03.27"]
[Round "5.6"]
[White "Gukesh D"]
[Black "Puranik, Abhimanyu"]
[Result "0-1"]
[WhiteElo "2614"]
[BlackElo "2618"]
[Annotator "TA"]
[PlyCount "84"]
[EventDate "2022.03.30"]
[EventType "tourn"]
[EventCountry "NET"]
[SourceTitle "playchess.com"]
[Source "ChessBase"]
[SourceQuality "1"]

{[%evp 9,84,-2,-5,-9,-7,0,-18,12,-18,-22,-25,-39,-53,-50,24,-10,-7,-22,95,110,88,96,205,116,90,90,37,31,78,-44,0,-41,33,0,0,0,26,26,32,8,12,14,16,0,0,-74,-74,-74,-74,-120,-71,-63,-72,-69,-83,-84,-21,-122,-125,-337,-101,-123,-101,-101,-12,-612,-600,-583,-568,-639,-639,-9572,-6115,-2350,-2043,-5517,-5218]} 1. d4 Nf6 2. c4 g6 3. Nc3 d5 4. Nf3 Bg7 5. h4 dxc4 6. e4 {D90: Grünfeld: 4 Nf3 Bg7 sidelines.} c5 7. d5 b5 {Against Qa4} 8. h5 {aiming for h6. The position is equal.} O-O (8... gxh5 9. e5 Nfd7 10. Rxh5 $16) 9. hxg6 fxg6 10. Qc2 Na6 11. a3 {[#] Prevents Nb4.} Qb6 $146 (11... Qa5 $15 12. Bd2 Qb6) ({Predecessor:} 11... Qa5 12. Bd2 Nb4 13. Qb1 Nd3+ 14. Bxd3 cxd3 15. Nd1 Qa4 16. Nc3 Qb3 17. Qxd3 Bg4 {0-1 (58) Demian,V (2353)-Parsons,L (2359) ICCF email 2014}) 12. Nxb5 {[%mdl 64] Remove Defender} Qxb5 13. Bxc4 Qb6 (13... Qb7 $11) 14. d6+ $1 $16 e6 15. e5 $1 {Threatens to win with Ng5.} Ng4 {[#]} (15... Nd5 $16 {keeps fighting.}) 16. Qe4 (16. Rxh7 $1 $18 {[%mdl 512]} Rf5 17. Rxg7+ $1 Kxg7 18. Qe4) 16... Nxe5 17. Nxe5 Qxd6 18. Nf3 Rb8 (18... Nc7 $1 $14) 19. Bd2 (19. Ng5 Rf5 20. O-O (20. Nxe6 $2 Re5 $19) 20... Nc7 $11) ({White should try} 19. Qh4 $1 $16 {[%cal Rh4h7]} h5 20. Qg5) 19... Nc7 20. Rd1 (20. Qh4 $5 {[%cal Rh4h7]} h5 21. Qg5 $11) 20... Nd5 (20... Rf5 $15 21. Bc1 Qe7) 21. Bc1 {[%cal Rd1d5]} (21. Qh4 $5 {[%cal Rh4h7]} h5 22. Qg5 $11) 21... Rf5 (21... Bxb2 $2 22. Rxd5 Qe7 23. Bxb2 Rxb2 24. Rd1 $18) 22. g4 (22. Qh4 $2 Rh5 23. Bf4 Rxh4 $19) 22... Rxf3 23. Qxf3 Bb7 24. Qh3 Qe5+ $1 25. Kf1 {And now Re1 would win.} Qe4 {Active counter play!} 26. Qxh7+ Kf7 $1 27. Bd3 (27. Be2 $1 $11 {remains equal.}) 27... Qxg4 $17 (27... Ne3+ 28. Bxe3 Qxh1+ 29. Qxh1 Bxh1 30. Bc4 $11 (30. Bxc5 Rxb2 31. Bxa7 Bf3 $11)) 28. Be2 ({Not} 28. Ke1 $2 Rh8 29. Qxh8 Bxh8 $19) 28... Ba6 $1 {The board is on fire.} ({Of course not} 28... Ne3+ 29. Bxe3 Qg2+ 30. Ke1 Qxh1+ 31. Qxh1 Bxh1 32. Rd7+ Kg8 33. Bc4 $11) 29. Rd2 (29. Re1 $142 Bxe2+ 30. Rxe2) 29... Bxe2+ $40 {[%mdl 128] Black wants a kill.} (29... Rh8 $142 30. Qxh8 Bxh8 31. Bxa6 Be5) 30. Rxe2 {Hoping for Bh6.} Rh8 31. Qxh8 Bxh8 32. Rxh8 Qc4 (32... g5 $17) 33. Bh6 (33. Bg5 $11) 33... Qd3 34. Bd2 $2 {[#]} (34. Rf8+ $17 {was worth a try.} Ke7 35. Rh8) 34... Nf6 $2 (34... Qb1+ $1 $19 35. Be1 Nf4) 35. Ra8 Ne4 36. Rxa7+ Kf6 (36... Kf8 $17 37. Bc3 Ng5 38. Ra8+ Ke7) 37. Be3 {[%mdl 8192]} (37. Bc3+ $11 e5 38. Bxe5+ Kg5 39. Bc3) 37... c4 $19 {Black is clearly winning.} 38. Rc7 {[#]} g5 $1 ({Don't blunder} 38... c3 $2 39. Rxc3 Nxc3 40. bxc3 $19) 39. a4 g4 {Strongly threatening ...g3.} 40. Bf4 g3 41. Bxg3 Qd1+ 42. Re1 Nd2+ {Weighted Error Value: White=0.73/Black=0.28 (precise)} 0-1